000 00209nam a22000857a 4500
008 161228b xxu||||| |||| 00| 0 eng d
100 _92220
_aJacob.A et al
245 _aScience-Lab-X
260 _aNew Delhi
_bAPC
_c2011
999 _c5108
_d5108